000 00393nam a22001697a 4500
003 OSt
008 230421b |||||||| |||| 00| 0 eng d
020 _a9788177585421
082 _a547 FIO
100 _aFINAR, I.L
245 _aOrganic Chemistry
250 _a6th 2022
260 _aNoida
_b Pearson
300 _axiv,965
650 _aPharmaceutical Organic Chemistry
942 _2ddc
_cBK
999 _c11980
_d11980